zpět

Detail výsledku týmu

Restaurace v Pivovaře, Poděbrady

Datum a čas kvízu

32.5 Celkem bodů Celkový počet nahraných bodů na tomto kvízu bez doplňovacích otázek.
4. Pořadí na kvízu Konečné umístění týmu na tomto kvízu.

Zaznamenané odpovědi

# Otázka Odpověď Body Výsledky
1. Hasiči v pondělí na poslední c... B 1
2. Ze kterého důvodu zrušil minul... C 1
3. Minulý týden potvrdili konec s... David Prachař; Linda Rybová 1
4. Za co hrozí hostům jednoho hot... A 1
5. Hajar Abdelkader z Egypta minu... Tenis 1
6. Frank Lloyd Wright bývá označo... Guggenheimovo muzeum 0
7. Seřaďte uvedené události od té... 1D 2B 3C 4A 0
8. Jak se jmenuje tato americká h... Beastie Boys; No Sleep till Brooklyn 0.5
9. Turisté v NYC míří nejen do di... 1D 2B 3C 4A 0
10. Jak se jmenuje fiktivní město,... Gotham (City); Bronx 0.5